Exploring developmental psychology: understanding theory and methods (Record no. 62951)
[ view plain ]
| 000 -LEADER | |
|---|---|
| fixed length control field | 00772nam a2200169 a 4500 |
| 008 - FIXED-LENGTH DATA ELEMENTS--GENERAL INFORMATION | |
| fixed length control field | 170112s2008 ||||||||||||||||| || u |
| 020 ## - INTERNATIONAL STANDARD BOOK NUMBER | |
| International Standard Book Number | 9781412903356 |
| 050 ## - LIBRARY OF CONGRESS CALL NUMBER | |
| Classification number | BF 721 Har |
| 100 ## - MAIN ENTRY--PERSONAL NAME | |
| Personal name | Harris, Margaret |
| 245 10 - TITLE STATEMENT | |
| Title | Exploring developmental psychology: understanding theory and methods |
| Statement of responsibility, etc. | By Margaret Harris |
| 260 ## - PUBLICATION, DISTRIBUTION, ETC. | |
| Place of publication, distribution, etc. | London |
| Name of publisher, distributor, etc. | SAGE Publications |
| Date of publication, distribution, etc. | 2008 |
| 300 ## - PHYSICAL DESCRIPTION | |
| Extent | xiv, 345p.: ill. |
| 650 #0 - SUBJECT ADDED ENTRY--TOPICAL TERM | |
| Topical term or geographic name entry element | DEVELOPMENTAL PSYCHOLOGY |
| 650 #3 - SUBJECT ADDED ENTRY--TOPICAL TERM | |
| Topical term or geographic name entry element | PSYCHOLOGY |
| 995 ## - | |
| -- | MAIN LIBRARY OPEN ACCESS |
| -- | 747512 |
| -- | CBU-MAIN LIBRARY (Kitwe) |
| -- | BF 721 Har |
| -- | 1 |
| -- | AVAILABLE |
| -- | Jan 25, 2017 |
| -- | 747512 |
| -- | Main Library Open Access Collection |
| 995 ## - | |
| -- | MAIN LIBRARY OPEN ACCESS |
| -- | 747513 |
| -- | CBU-MAIN LIBRARY (Kitwe) |
| -- | BF 721 Har |
| -- | 2 |
| -- | AVAILABLE |
| -- | Jan 25, 2017 |
| -- | 747513 |
| -- | Main Library Open Access Collection |
| 999 ## - | |
| -- | 62951 |
| -- | 62951 |
| Withdrawn status | Lost status | Source of classification or shelving scheme | Damaged status | Not for loan | Permanent Location | Current Location | Shelving location | Date acquired | Total Checkouts | Full call number | Barcode | Date last seen | Price effective from | Koha item type |
|---|---|---|---|---|---|---|---|---|---|---|---|---|---|---|
| CBU-MAIN LIBRARY, KITWE. | CBU-MAIN LIBRARY, KITWE. | 12/16/2022 | BF 721 Har | 747512 | 12/16/2022 | 12/16/2022 | MONOGRAPH | |||||||
| CBU-MAIN LIBRARY, KITWE. | CBU-MAIN LIBRARY, KITWE. | 12/16/2022 | BF 721 Har | 747513 | 12/16/2022 | 12/16/2022 | MONOGRAPH |